000 01056nam a2200181 a 4500
001 50219
005 20180714035214.0
008 140415s2000 mx 000 0 spa d
020 _a9701852133
041 _aspa
082 _a305.233538
_bSEX
245 0 0 _aSEXUALIDAD INFANTIL Y JUVENIL :
_bNOCIONES INTRODUCTORIAS PARA MAESTRAS Y MAESTROS DE EDUCACION BASICA
250 _a1a ed.
260 _aMEXICO :
_bSECRETARIA DE EDUCACION PUBLICA,
_c2000
300 _a201
_c15.6 x 0.6 x 22
520 _aEL DESARROLLO INTEGRAL DEL SER HUMANO HA SIDO, DESDE EL ORIGEN MISMO DEL SISTEMA EDUCATIVO MEXICANO, EL PROPOSITO QUE HA GUIADO LA EDUCACION BASICA. ESTA ORIENTACION -ESTABLECIDA EN EL ARTICULO TERCERO CONSTITUCIONAL- INDICA QUE LA ESCUELA Y EL TRABAJO DEL PROFESOR, ADEMAS DE CONTRIBUIR AL DESARROLLO SISTEMATICO DE LAS HABILIDADES INTELECTUALES Y A LA ADQUISICION DE CONOCIMIENTOS BASICOS DE LAS CIENCIAS NATURALES Y SOCIALES, DEBEN CONTRUIBUIR A LA FORMACION DE ACTITUDES Y VALORES FUNDA
650 1 4 _aJOVENES
_xSEXUALIDAD
_xNIOS
_xJOVENES
999 _c50219
_d50219